000 02887cam a2200337 4500500
005 20260329005229.0
041 _afre
042 _adc
100 1 0 _aGuéraud-Pinet, Guylaine
_eauthor
245 0 0 _aFormes et traitement médiatiques d’explorations
260 _c2023.
500 _a30
520 _aLes origines de la vie et la vie extraterrestre sont aux fondements de grandes questions scientifiques et sociétales, mais aussi de grandes explorations. Cependant, leur traitement médiatique reste un terrain inexploré dans la recherche sur la médiatisation des sciences. Cet article étudie la « mise en média » des origines de la vie dans l’audiovisuel français et francophone de 1959 à 2018. Il se fonde sur l’analyse statistique et sémiotique de deux corpus de productions vidéo correspondant à 120 programmes de télévision et 134 vidéos diffusées sur YouTube. Les résultats montrent que cette question liée à l’actualité scientifique est présente dans les médias depuis près de soixante ans. D’un média traditionnel à une plateforme d’hébergement vidéo, son traitement perdure (vulgarisation scientifique), mais témoigne aussi de mutations (disséminations des formes médiatiques, multiplication des acteurs/producteurs de contenus ; contre-récits).
520 _a‪The origins of life and extraterrestrial life are at the basis of major scientific and societal questions, but also of major explorations. However, their media treatment remains an unexplored field in research on the mediatisation of science. This article studies the mediatisation of the origins of life in French and Francophone audiovisual media from 1959 to 2018. It is based on the statistical and semiotic analysis of two corpora of video productions corresponding to 120 television programmes and 134 videos broadcast on YouTube. The results show that this issue related to scientific news has been present in the media for almost 60 years. From a traditional media to a video hosting platform, its treatment continues (popularisation of science), but also shows mutations (dissemination of media forms, multiplication of actors/content producers ; counter-narrative).‪
690 _aexplorations
690 _aformes audiovisuelles
690 _amédiatisation des sciences
690 _atélévision
690 _atraitement médiatique
690 _avulgarisation scientifique
690 _aYouTube
690 _aaudiovisual forms
690 _aexplorations
690 _amedia treatment
690 _amediatisation of sciences
690 _ascience popularisation
690 _atelevision
690 _aYouTube
786 0 _nQuestions de communication | 42 | 2 | 2023-03-13 | p. 159-185 | 1633-5961
856 4 1 _uhttps://shs.cairn.info/revue-questions-de-communication-2022-2-page-159?lang=fr&redirect-ssocas=7080
999 _c1841545
_d1841545